Encyclopedia of soils in the environments. V.3 (N-Spa) (Record no. 42527)

MARC details
000 -LEADER
fixed length control field 00529nam a2200193Ia 4500
020 ## - INTERNATIONAL STANDARD BOOK NUMBER
ISBN 0123485339
082 ## - DEWEY DECIMAL CLASSIFICATION NUMBER
Classification number 631.4(031)
Item number HIL.3
100 ## - MAIN ENTRY--AUTHOR NAME
Personal name Hillel, Daniel
245 #0 - TITLE STATEMENT
Title Encyclopedia of soils in the environments. V.3 (N-Spa)
260 ## - PUBLICATION, DISTRIBUTION, ETC. (IMPRINT)
Place of publication UK
Name of publisher Elsevier Ltd
Year of publication 2005
505 ## - FORMATTED CONTENTS NOTE
Formatted contents note Set of 4vol
650 ## - SUBJECT ADDED ENTRY--TOPICAL TERM
Topical Term Biodiversity
650 ## - SUBJECT ADDED ENTRY--TOPICAL TERM
Topical Term Crop residue management
650 ## - SUBJECT ADDED ENTRY--TOPICAL TERM
Topical Term Crop water management
650 ## - SUBJECT ADDED ENTRY--TOPICAL TERM
Topical Term Organic farming
650 ## - SUBJECT ADDED ENTRY--TOPICAL TERM
Topical Term Water management
942 ## - ADDED ENTRY ELEMENTS (KOHA)
Koha item type Books
Holdings
Withdrawn status Lost status Damaged status Not for loan Home library Current library Date acquired Full call number Accession Number Koha item type
        RRII Library RRII Library 16/12/2021 631.4(031) HIL.3 22797 Books